| 000 | 01009nam a22001815i 4500 | ||
|---|---|---|---|
| 001 | 155528 | ||
| 003 | ES-MaACL | ||
| 005 | 20230906210119.0 | ||
| 008 | 040722m18851890gw |||| | ger d | ||
| 040 |
_aCAM _bspa _cCAM |
||
| 100 | 1 |
_aHoltzendorff, Franz von. _9128016 |
|
| 245 | 1 | 0 |
_aHandbuch des Völkerrechts auf Grundlage europäischer Staatspraxis... / _cherausgegeben von Franz von Holtzendorff. |
| 260 |
_aBerlin : _bverlag von Carl Habel ; _aHamburg : _bJ.F. Richter, _c1885-1890. |
||
| 300 |
_a5 v. ; _c23 cm. |
||
| 505 | 8 | _aContiene : T. I. Einleitung in das Völkerrecht, 1885 (XX, 524 p.) -- T. II. Die Völkerrechtliche Verfassung und Grundornung der auswärtigen Staatsbeziehungen, 1887 (XII, 672 p.) -- T. III. Die Staatsverträge und internationalem Magistrature, 1887 (XV, 797 p.) -- T. IV. Die Staatsstreitigkeiten und ihre Entscheidung, 1889 (XIII, 854 p.) -- T. V. Registerbändchen, 1890 (136 p.) | |
| 594 | _aLetra gótica. | ||
| 852 |
_aES-MaACL _jG-557-561 _z-- Enc. pasta española |
||
| 999 |
_c155528 _d155528 |
||